Science Quiz

Random Science or Animal Quiz

Disappearing Animal Silhouettes Quiz Stats

 Plays Quiz Updated Sep 5, 2017

Challenge
Share
Tweet
Score 0/50 Timer 05:00
0 Plays Today
% Correct
Spider
97.1%
Mouse
93.4%
Tortoise
92.6%
Butterfly
92.4%
Whale
92.2%
Lion
91.4%
Kangaroo
91.3%
Cat
91.2%
Pig
91.2%
Camel
91.1%
Bear
90.7%
Duck
90.6%
Dolphin
90.2%
Gorilla
90.2%
Cow
90%
Seahorse
89.7%
Rhinoceros
89.3%
Shark
89.3%
Elephant
89.3%
Turkey
89%
Horse
88.9%
Hare
88.4%
Chicken
88.1%
Deer
88%
Giraffe
88%
% Correct
Hippopotamus
87.6%
Goose
87.6%
Ant
87.6%
Moth
86.8%
Octopus
86.7%
Cobra
86.2%
Penguin
86.1%
Squirrel
85.8%
Swan
85.8%
Bat
85.3%
Crab
84.6%
Crocodile
84.2%
Ostrich
83.9%
Snail
82.4%
Frog
81.9%
Gecko
81.3%
Jellyfish
78.2%
Hummingbird
77.5%
Mantis
76.8%
Ray
76.1%
Vulture
76.1%
Dragonfly
75.8%
Caterpillar
71.7%
Lemur
68.4%
Manatee
64.8%

You're not logged in!

Compare scores with friends on all Sporcle quizzes.
OR
Log In

You Might Also Like...

Show Comments

Extras

Top Quizzes Today


Score Distribution

Your Account Isn't Verified!

In order to create a playlist on Sporcle, you need to verify the email address you used during registration. Go to your Sporcle Settings to finish the process.

Report this User

Report this user for behavior that violates our Community Guidelines.

Details: